| 000 | 01574nam0a2200373 4500 | ||
|---|---|---|---|
| 001 | RU\NLR\BIBL_A\022755655 | ||
| 005 | 20260517042649.0 | ||
| 010 |
_a978-5-93061-278-3 _9500 |
||
| 021 |
_aRU _bКН-П-26-004497 _9КН-П-26-0428 |
||
| 035 | _a(NLR Aleph) 022755655 | ||
| 090 |
_a13704505 _c13704505 |
||
| 100 | _a20260317d2025 d y0rusy50 ca | ||
| 101 | 0 | _arus | |
| 102 | _aRU | ||
| 105 | _aa z 000ay | ||
| 181 | 0 |
_ai3 _baxxe |
|
| 181 | 0 |
_ab2 _bxb2e |
|
| 182 | 0 | _an | |
| 200 | 1 |
_aЗащитники земли Русской _eрассказы о белозерских князьях _e[для младшего и среднего школьного возраста] _fТатьяна Ермакова _gхудожник: Владимир Лупандин |
|
| 203 |
_aТекст _aИзображение _bвизуальные _cнепосредственные |
||
| 210 |
_aВологда _cДревности Севера _d2025 |
||
| 215 |
_a39, [1] с. _cцв. ил. _d29 |
||
| 225 | 1 |
_aВологжане - верные сыны Отечества _fред.: М. В. Васильева |
|
| 333 | _a6+ | ||
| 686 | 0 | _aШ9(2)60=Р7-4 | |
| 686 | 0 | _aШ9(2)62=Р7-4 | |
| 700 | 1 |
_7ca _8rus _aЕрмакова _bТ. А. _cкраевед, писатель _f1962- _gТатьяна Алексеевна _92652546 _3RU\NLR\AUTH\770280579 |
|
| 702 | 1 |
_aЛупандин _bВ. А. _gВладимир Андреевич _4040 |
|
| 942 | _cBOOK | ||
| 980 | _aNB | ||